|
|
|
|
| LEADER |
00000nam0a2200000 4500 |
| 001 |
67113 |
| 005 |
20231031073334.0 |
| 010 |
|
|
|a 5769514035
|
| 035 |
|
|
|a (RuTPU)RU\TPU\book\71473
|
| 090 |
|
|
|a 67113
|
| 100 |
|
|
|a 20040913d2003 m y0rusy50 ca
|
| 101 |
0 |
|
|a rus
|
| 102 |
|
|
|a RU
|
| 105 |
|
|
|a a j 001zy
|
| 200 |
1 |
|
|a Микробиология
|e учебник
|f М. В. Гусев, Л. А. Минеева
|
| 205 |
|
|
|a 4-е изд., стереотип.
|
| 210 |
|
|
|a Москва
|c Академия
|d 2003
|
| 215 |
|
|
|a 464 с.
|c ил.
|
| 225 |
1 |
|
|a Высшее образование
|
| 320 |
|
|
|a Библиогр.: с. 440-441
|
| 320 |
|
|
|a Указатели: с. 442-457
|
| 451 |
|
1 |
|0 (RuTPU)RU\TPU\book\178136
|y 978-5-7695-4989-2
|t Микробиология
|c М.
|n Академия
|d 2008
|p 464 с.
|a Гусев,
|
| 610 |
1 |
|
|a микробиология
|
| 610 |
1 |
|
|a учебники
|
| 610 |
1 |
|
|a история
|
| 610 |
1 |
|
|a микроорганизмы
|
| 610 |
1 |
|
|a прокариоты
|
| 610 |
1 |
|
|a прокариотные клетки
|
| 610 |
1 |
|
|a клеточная организация
|
| 610 |
1 |
|
|a конструктивный метаболизм
|
| 610 |
1 |
|
|a энергетический метаболизм
|
| 610 |
1 |
|
|a регуляторные системы
|
| 610 |
1 |
|
|a внешняя среда
|
| 610 |
1 |
|
|a факторы
|
| 610 |
1 |
|
|a эволюция
|
| 610 |
1 |
|
|a генетические механизмы
|
| 610 |
1 |
|
|a систематика
|
| 610 |
1 |
|
|a прокариотные организмы
|
| 610 |
1 |
|
|a энергетические процессы
|
| 610 |
1 |
|
|a брожение
|
| 610 |
1 |
|
|a субстратное фосфорилирование
|
| 610 |
1 |
|
|a фотосинтез
|
| 610 |
1 |
|
|a фотосфорилирование
|
| 610 |
1 |
|
|a молекулярный кислород
|
| 610 |
1 |
|
|a дыхание
|
| 610 |
1 |
|
|a окислительное фосфорилирование
|
| 610 |
1 |
|
|a архебактерии
|
| 675 |
|
|
|a 579(075.8)
|v 3
|
| 700 |
|
1 |
|a Гусев
|b М. В.
|g Михаил Викторович
|
| 701 |
|
1 |
|a Минеева
|b Л. А.
|g Людмила Анатольевна
|
| 801 |
|
1 |
|a RU
|b 63413507
|c 20040913
|g PSBO
|
| 801 |
|
2 |
|a RU
|b 63413507
|c 20091019
|g PSBO
|
| 900 |
|
|
|a Биология
|
| 900 |
|
|
|a Химия и микробиология воды
|
| 942 |
|
|
|c BK
|
| 952 |
|
|
|a 510600
|b 011600
|
| 959 |
|
|
|a 118/20040908
|d 2
|e 216,70
|f АНЛ:1
|f НФ:1
|